000 01002nam a22002057a 4500
003 OSt
005 20260511091201.0
008 260511b |||||||| |||| 00| 0 eng d
020 _a9781739638276
040 _aKenya National Library Service
082 _a823 ERI
100 _aErichsen, Helen
_eauthor.
245 _aMurder By Natural Causes /
_c Helen Erichsen
300 _a278 pages ;
_c20cm.
520 _aCilla is a 22-year-old contract killer, specialising in the dry job: a murder interpreted as death by natural causes. Neither strong, nor beautiful, she isn't your typical female protagonist. In fact, she is so unremarkable as to render her almost invisible, an advantage in her line of work. Cilla has survived because she is clever, stubborn and lucky. Plus, the weapons training and lessons on poison at the elite Academy 43 have stood her in good stead
650 _aCrime -Fiction.
942 _2ddc
_cBK
_n0
999 _c492641
_d492641